| 000 | 00374nam a2200145 i 4500 | ||
|---|---|---|---|
| 001 | bg | ||
| 100 | 1 |
_aPROSNAK, Włodzimierz J. _d(1925- ). |
|
| 245 | 0 |
_aWstęp do grafiki komputerowej / _cW.J. Prosnak, Z. Kosma. |
|
| 260 |
_aWarszawa, _c1983. |
||
| 700 | 1 | _aKOSMA, Zbigniew. | |
| 040 | _cBPK | ||
| 041 | _apol | ||
| 942 | _cKS | ||
| 008 | s pl f |000 0 pol | ||
| 999 |
_c21692 _d21692 |
||
| 856 |
_uhttp://koha.tu.koszalin.pl/cgi-bin/koha/opac-detail.pl?biblionumber=21692 _yKatalog online BPK |
||